Library Banner

Islamic studies(Vol 50 No. 2)/ (Record no. 95734)

MARC details
000 -LEADER
fixed length control field 00363nam a22001457a 4500
005 - DATE AND TIME OF LATEST TRANSACTION
control field 20170726145255.0
008 - FIXED-LENGTH DATA ELEMENTS--GENERAL INFORMATION
fixed length control field 170726b xxu||||| |||| 00| 0 eng d
022 ## - INTERNATIONAL STANDARD SERIAL NUMBER
International Standard Serial Number 05788072
040 ## - CATALOGING SOURCE
Transcribing agency PK-LaUMT
082 ## - DEWEY DECIMAL CLASSIFICATION NUMBER
Classification number ZIAC 297.05
Item number ISL-
245 ## - TITLE STATEMENT
Title Islamic studies(Vol 50 No. 2)/
260 ## - PUBLICATION, DISTRIBUTION, ETC. (IMPRINT)
Place of publication, distribution, etc Islamabad:
Name of publisher, distributor, etc Islamic institute,
Date of publication, distribution, etc 2011
300 ## - PHYSICAL DESCRIPTION
Extent 286 p.
942 ## - ADDED ENTRY ELEMENTS (KOHA)
Koha item type Books
Holdings
Withdrawn status Lost status Damaged status Home library Current library Date acquired Full call number Barcode Date last seen Price effective from Koha item type
      UMT Main Campus UMT Main Campus 2017-07-26 ZIAC 297.05 ISL- 111292 2017-07-26 2017-07-26 Books